| 000 | 01274nam a2200421 i 4500 | ||
|---|---|---|---|
| 999 |
_c305 _d305 |
||
| 001 | 021128959 | ||
| 003 | UkOxU | ||
| 005 | 20190805154107.0 | ||
| 008 | 030529t20051997enka b 001 0 eng d | ||
| 020 | _a1841157910 | ||
| 020 | _a9781841157917 | ||
| 035 | _a(UkLCURL)010001273392 | ||
| 035 | _a(UkOxU)15541840 | ||
| 035 | _a(UkLCURL)0715541840 | ||
| 035 | _a(UkLeU)b29069403 | ||
| 035 | _a(UkLoRLUK)04 | ||
| 038 | _aUkLoRLUK | ||
| 040 |
_aUkCU _beng _erda _cUkCU _dUkOxU |
||
| 041 | 0 | _aeng | |
| 049 | _lc | ||
| 049 | _lc | ||
| 082 | _a512.74 SIN | ||
| 090 |
_aOxf _bQA 244 SIN |
||
| 100 | 1 |
_aSingh, Simon, _eauthor. |
|
| 245 | 1 | 0 |
_aFermat's last theorem : _bthe story of a riddle that confounded the world's greatest minds for 358 years / _cSimon Singh. |
| 264 | 1 |
_aLondon : _bHarper Perennial, _c2005. |
|
| 264 | 4 | _c©1997 | |
| 300 |
_axxii, 340 pages : _billustrations (black & white) ; _c20 cm. |
||
| 336 |
_atext _2rdacontent |
||
| 337 |
_aunmediated _2rdamedia |
||
| 338 |
_avolume _2rdacarrier |
||
| 504 | _aIncludes bibliographical references and index. | ||
| 600 | 1 | 0 | _aWiles, Andrew. |
| 650 | 0 |
_aFermat's last theorem _vPopular works. |
|
| 700 |
_aLynch, John _eWriter of foreword |
||
| 942 |
_2ddc _cNFIC |
||